Statistics for Dioceses de Portugal

Click here to take the quiz!

General Stats

  • This quiz has been taken 22 times
  • The average score is 14 of 17

Answer Stats

Metrópole EclesiásticaDiocese% Correct
BragaCoimbra
100%
LisboaLeiria-Fátima
95%
BragaPorto
95%
ÉvoraAlgarve
90%
BragaBragança-Miranda
90%
LisboaSantarém
90%
LisboaSetúbal
90%
ÉvoraBeja
86%
LisboaPortalegre-Castelo Branco
86%
BragaVila Real
86%
BragaViseu
86%
BragaAveiro
81%
BragaViana do Castelo
81%
LisboaGuarda
76%
LisboaFunchal
62%
BragaLamego
52%
LisboaAngra
48%

Score Distribution

Percentile by Number Answered

Percent of People with Each Score

Your Score History

You have not taken this quiz